Southville International School and Colleges
Your cart is empty.
  • Cart
  • Lists
    Public lists Eva Luna New books Lux_list list_1
    Your lists Log in to create your own lists
  • Log in to your account
  • Your cookies
  • Search history
Southville International School and Colleges
  • Advanced search
  • Recent comments
  • Most popular
  • Libraries

Log in to your account

Log in with GOOGLE


If you do not have an external account, but do have a local account, you can still log in:

  1. Home
  2. MARC view: Chemistry :
Normal view MARC view ISBD view

Chemistry : (Record no. 16710)

[ view plain ]
MARC details
000 -LEADER
fixed length control field 01323cam a2200361 a 4500
001 - CONTROL NUMBER
control field 741251
003 - CONTROL NUMBER IDENTIFIER
control field OSt
005 - DATE AND TIME OF LATEST TRANSACTION
control field 20140310182834.0
008 - FIXED-LENGTH DATA ELEMENTS--GENERAL INFORMATION
fixed length control field 990325s2000 njua 001 0 eng
010 ## - LIBRARY OF CONGRESS CONTROL NUMBER
LC control number 99025748
020 ## - INTERNATIONAL STANDARD BOOK NUMBER
International Standard Book Number 9814058793
040 ## - CATALOGING SOURCE
Original cataloging agency DLC
Transcribing agency DLC
050 00 - LIBRARY OF CONGRESS CALL NUMBER
Classification number QD 31.2
Item number .B877 2000
082 00 - DEWEY DECIMAL CLASSIFICATION NUMBER
Classification number M 540
Item number B81 2000
-- 8th ed.
100 1# - MAIN ENTRY--PERSONAL NAME
Personal name Brown, Theodore L.
Fuller form of name (Theodore Lawrence),
Dates associated with a name 1928-
245 10 - TITLE STATEMENT
Title Chemistry :
Remainder of title the central science /
Statement of responsibility, etc Brown, Theodore L.; Lemay, H. Eugene Jr.; Bursten, Bruce E.
250 ## - EDITION STATEMENT
Edition statement 8th ed.
260 ## - PUBLICATION, DISTRIBUTION, ETC. (IMPRINT)
Place of publication, distribution, etc Upper Saddle River, N.J. :
Name of publisher, distributor, etc Prentice Hall,
Date of publication, distribution, etc c2000.
300 ## - PHYSICAL DESCRIPTION
Extent xxxiii, 1023 p. :
Other physical details ill. ;
Dimensions 25 cm.
500 ## - GENERAL NOTE
General note Includes index.
521 ## - TARGET AUDIENCE NOTE
Target audience note
526 ## - STUDY PROGRAM INFORMATION NOTE
Reading level 1210L to 1700L
541 ## - IMMEDIATE SOURCE OF ACQUISITION NOTE
-- 1
541 ## - IMMEDIATE SOURCE OF ACQUISITION NOTE
-- 2
541 ## - IMMEDIATE SOURCE OF ACQUISITION NOTE
-- 3
562 ## - COPY AND VERSION IDENTIFICATION NOTE
Number of copies for circulation. 3 copies available in the collection
650 #0 - SUBJECT ADDED ENTRY--TOPICAL TERM
Topical term or geographic name as entry element Chemistry
700 1# - ADDED ENTRY--PERSONAL NAME
Personal name LeMay, H. Eugene
Fuller form of name (Harold Eugene),
Dates associated with a name 1940-
700 1# - ADDED ENTRY--PERSONAL NAME
Personal name Bursten, Bruce Edward.
906 ## - LOCAL DATA ELEMENT F, LDF (RLIN)
a 7
b cbc
c orignew
d 1
e ocip
f 19
g y-gencatlg
942 ## - ADDED ENTRY ELEMENTS (KOHA)
Source of classification or shelving scheme Library of Congress Classification
Koha item type Books
Call number prefix
Holdings
Withdrawn status Lost status Source of classification or shelving scheme Damaged status Home library Current library Shelving location Date acquired Source of acquisition Total Checkouts Full call number Barcode Date last seen Date checked out Copy number Price effective from Koha item type
    Library of Congress Classification   Archives Archives   06/05/2013 Donation 1 QD 31.2 .B877 2000 C1429 05/15/2018 09/24/2014 1 06/05/2013 Books

Chemistry :

APA

Brown T. L., LeMay H. E. & Bursten B. E. (2000). Chemistry. Upper Saddle River, N.J: Prentice Hall.

Chicago

Brown Theodore L, LeMay H Eugene and Bursten Bruce Edward. 2000. Chemistry. Upper Saddle River, N.J: Prentice Hall.

Harvard

Brown T. L., LeMay H. E. and Bursten B. E. (2000). Chemistry. Upper Saddle River, N.J: Prentice Hall.

MLA

Brown Theodore L, LeMay H Eugene and Bursten Bruce Edward. Chemistry. Upper Saddle River, N.J: Prentice Hall. 2000.

  • Place hold
  • Print
  • Cite
  • Add to your cart (remove)
  • Save record
    BIBTEX Dublin Core MARCXML MARC (non-Unicode/MARC-8) MARC (Unicode/UTF-8) MARC (Unicode/UTF-8, Standard) MODS (XML) RIS
  • More searches
    Search for this title in:
    Other Libraries (WorldCat) Other Databases (Google Scholar) Online Stores (Bookfinder.com) Open Library (openlibrary.org)

Exporting to Dublin Core...

SOUTHVILLE LIBRARY

Southville International School and Colleges Library

1281 Tropical Ave. Cor. Luxembourg St., BF Homes International, Las Pinas City

Tel. No. 8256374 / 252358 Loc. 117/146

Powered by Koha